[Event "Moscow Tal Memorial 2nd"]
[Site "Moscow RUS"]
[Date "2007.11.16"]
[Round "6"]
[White "Shirov, Alexei"]
[Black "Carlsen, Magnus"]
[Result "1-0"]
[WhiteElo "2739"]
[BlackElo "2714"]
[EventDate "2007.11.10"]
[Annotator "Postny"]
[PlyCount "67"]
[EventType "tourn"]
[EventRounds "9"]
[EventCountry "RUS"]
[EventCategory "20"]
[Source "ChessBase"]
[SourceDate "2008.01.30"]

1. e4 e5 2. Nf3 Nc6 3. Bb5 a6 4. Ba4 Nf6 5. O-O Nxe4 6. d4 b5 7. Bb3 d5 8.
 dxe5 Be6 9. Nbd2 Be7 10. c3 O-O 11. Re1 {Recently, this half-forgotten 
move has come back to top level tournaments.} ( {In the last few years, 
the discussion has been mainly around the following line:} 11. Bc2 f5 12. 
Nb3 Qd7 13. Nbd4 Nxd4 14. Nxd4 c5 15. Nxe6 Qxe6 16. f3 Ng5 {Black has 
achieved reasonable practical results.} ) 11. ... Nc5 12. Nd4 ( 12. Bc2 {
is a normal alternative, but then Black can push} 12. ... d4 {with good 
chances to equalise.} ) 12. ... Nxd4 {In my opinion, this exchange is a 
strategical concession, because it helps White to strenghten his centre 
and get an open c-file at his disposal. Black, for his part, is counting 
on a pair of bishops in the long run. Still, the alternative 12...Qd7 
seems to me a more flexible continuation.} ( 12. ... Qd7 13. Bc2 Bg4 14. 
f3 Bh5 15. Nf5?! {White should keep up the blockade on d4.} ( 15. N2b3 {
looks much more solid.} ) 15. ... Bg6 16. g4?! {Consequently continuing 
the dubious idea.} 16. ... d4! {A typical strike in the centre.} 17. cxd4 
Bxf5 18. Bxf5 Qxd4+ 19. Kg2 Nxe5 20. Nb3 Qxd1 21. Rxd1 Na4 -/+ {1/2-1/2 
Shirov,A (2739)-Ivanchuk,V (2787)/Moscow 2007/EXT 2008 (53)} ) 13. cxd4 
Nd3 ( 13. ... Nxb3 14. Nxb3 {Now, Black is not able to make the c7-c5 
thrust. The Pc7 will be weak forever.} 14. ... a5 15. Qc2 Qd7 16. Bd2 Bf5 
17. Nc5 Bxc2 18. Nxd7 Rfd8 19. Rac1 Bf5 20. Nc5 {with a stable advantage 
for White. 1-0 Svidler,P (2732)-Sutovsky,E (2655)/Crete 2007/CBM 121 (62)}
) 14. Re3 Nxc1 15. Rxc1 c5! {Without this strike Black won't get out of 
the pressure. On the other hand, the whole line seems to be in White's 
favour.} ( 15. ... Rc8?! 16. Rc6 Qd7 17. Rec3 {with strong pressure along 
the c-file.} ) 16. dxc5 Rc8 17. Rec3?! N {In the previous games White 
achieved a pleasant advantage by the prosaic 17.Rd3.} ( 17. Rd3! Qc7 ( 
17. ... Rxc5 18. Rxc5 Bxc5 19. Ne4 Ba7 20. Bxd5 Qh4 21. g3 Qh3 22. Bxe6 
Qxe6 23. Rd5 +/- {1/2-1/2 Luther,T (2575)-De Vreugt,D (2504)/Santo Domingo
2003/CBM 097 ext (61)} ) 18. Bxd5 Bxc5 19. Nb3 Qb6 20. Nxc5 Rxc5 21. Rxc5 
Qxc5 22. h3 +/- {0-1 Geller, E-Suetin,A/Moscow 1950/URS-ch (35)} ) 17. ...
 b4 ( 17. ... d4 18. Rd3 Rxc5 19. Bxe6 fxe6 20. Nf3 += ) 18. R3c2! {Shirov
is ready to sacrifice an exchange.} 18. ... Bf5 19. c6 Bxc2 20. Rxc2 {In 
this position White has more than enough compensation for the exchange. 
His passed Pc6 is very strong. Soon, the knight will be transfered to an 
ideal blockading square d4.} 20. ... Qa5?! ( 20. ... Qb6! 21. Ba4 += {and 
White keeps his strong passed pawn.} ( 21. Bxd5?! Qd4 22. Bf3 Qxe5 {helps 
Black to achieve central and open lines for his major pieces.} ) ) ( {But,
Black could still be pretty much in the game after} 20. ... d4! 21. e6 d3 
22. exf7+ Kh8 ) 21. Nf3 Rfd8 22. Nd4 g6 23. e6! {Everything is ready for 
an attack on the light squares.} 23. ... Bf6 24. exf7+ Kxf7 25. h4?! {
Making 'luft' for the king secures White from getting mated along the back
rank, but actually this is a waste of time.} ( 25. Qg4 Re8 26. Qd7+ Kg8 
27. Re2! ( 27. Bxd5+? Kh8 ) 27. ... Red8 28. Qe6+ Kg7 29. Qg4 Kf7 30. Ne6 
Rxc6 31. Nxd8+ Qxd8 32. Qxb4 Rc1+ 33. Re1 Qb6 34. Qd2 Rxe1+ 35. Qxe1 Bxb2 
36. Bxd5+ Kf8 {Black might hold this endgame with accurate defence, 
counting on the opposite coloured bishops.} ) ( 25. Qf3! {houdini} 25. ...
 Re8 26. g3 Kg7 ) 25. ... Qb6 26. Rd2 Rd6? {Carlsen definitely missed 
Shirov's reply. It was necessary to eliminate the knight.} ( 26. ... Bxd4!
27. Rxd4 Rxc6 28. Rxd5 Ke7! {An important defensive resourse. The Steinitz
principle is working! The king is able to defend himself in the centre. 
Black keeps the balance.} 29. Qe1+ Re6 30. Re5 Rxe5 31. Qxe5+ Kd7 32. Qg7+
Kc8 33. Qxh7 Rf8 34. Qe7 Qxf2+ 35. Kh2 Qf4+ 36. Kh3 Qf5+ =, quiet ) 27. 
Nf5! {Such tactical punches are meat and drink to Shirov!} 27. ... Rdxc6 (
27. ... gxf5 28. Rxd5 Rxd5 29. Qxd5+ Kg7 30. Qf7+ Kh6 31. Qxf6+ Kh5 32. 
Bd1# {The point of 27.Nf5.} ) 28. Bxd5+ ( 28. Rxd5? Kf8! ) 28. ... Kf8 29.
 Bxc6 Rxc6 ( 29. ... Qxc6 30. Rd6 +- ) 30. Ne3 Bxh4 31. Qf3+ Rf6? {This 
move leaves the bishop totally misplaced on h4 and loses outright.} ( {It 
was still possible to put up very stubborn resistance after} 31. ... Bf6 
32. Ng4 Re6 33. Rd7 Qc6 34. Rf7+ Kxf7 35. Ne5+ Rxe5 36. Qxc6 Re6 ) 32. 
Qa8+ Kg7 D {Low-Calc Thinking

Masters are more efficient with their pieces - and with their 
calculations.
They trained themselves to be that way. A third good habit to acquire:

A master doesnt calculate more than he has to.

Let's be honest. The best players can calculate very, very long 
variations.
They can see much farther ahead than you. But masters are also more 
practical.
They know that the longer the variation a person tries to calculate, the 
more
likely he will miss something. The likelihood escalates if he's tired from
calculating other long variations earlier in the game.

Black 's pieces appear so much more vulnerable that White would be
justified in trying to find a forced win. Candidate moves such as Rd7+, 
Nd5
and Ng4 might occur to you.} 33. Qe4! {
He had the same goal, winning the bishop. But this is much simpler, and 
the
chance of making a mistake in calculation is much less.
This time the bishop has no good move at all} ( 33. g3 Bxg3 34. Rd7+ Rf7 
35. Rxf7+ Kxf7 +- ) 33. ... b3 {Desperation, but there is nothing else he 
can do.} 34. axb3 ( 34. axb3 Bg5 35. Qe7+ Kh6 36. Ng4+ +- ) 1-0

[Event "Khanty Mansiysk ol (Men) 39th"]
[Site "Khanty Mansiysk"]
[Date "2010.09.24"]
[Round "4.3"]
[White "Karjakin, Sergey"]
[Black "Onischuk, Alexander"]
[Result "1-0"]
[WhiteElo "2747"]
[BlackElo "2688"]
[EventDate "2010.09.21"]
[Annotator "Karjakin"]

1. e4 e5 2. Nf3 Nc6 3. Bb5 a6 4. Ba4 Nf6 5. O-O Be7 6. Re1 b5 7. Bb3 O-O 
8. h3 Bb7 9. d3 d5 {A fresh idea which became popular 3 years ago. It 
looks like after 8.h3 White has decided to play positional chess, but 
Black is forcing White to take a pawn:-).} 10. exd5 Nxd5 11. Nxe5 Nd4 12. 
Bd2 c5 {The main move is considered to be 12...Re8. The text move was 
firstly played in Jakovenko-Aronian 2007.} ( 12. ... Re8 13. Nc3 Nxb3 14. 
axb3 Bd6 15. d4 Nb4 16. Ne4 Bxe5 17. dxe5 Rxe5 18. Bxb4 Rxe4 19. Qxd8+ 
Rxd8 20. Rad1 Rxd1 21. Rxd1 h5 22. Rd8+ ) 13. Nc3 Nxb3 14. axb3 Nb4 15. 
Ne4 f5 16. Ng3 Qd5 17. Nf3 Qd7 {My opponent played very quickly, but I was
not sure about the nuances of the position and decided to repeat moves in 
case of possible time-trouble.} 18. Ne5 Qd5 19. Nf3 Qd7 20. Bxb4! cxb4 21.
 d4 Rac8 22. Qd3! {In my view this is the most precise reaction! Here my 
opponent started to think and caught up with me on time. The computer 
thinks it is about equal, but in my opinion, Black has to prove the 
compensation for the pawn!} 22. ... Bd6? {A mistake, after which the 
position is very bad!} ( {It was better to keep the 2 bishops. After} 
22. ... g6! 23. c4 bxc3 ( 23. ... Bf6 {is worse:} 24. Ne5 Bxe5 25. Rxe5 
bxc4 26. bxc4 Qc6 27. d5 Qxc4 28. Qd2 â†‘ ) 24. bxc3 Bf6 {Black keeps the 
two bishops which assures him playable compensation, but it is far from 
full equality.} ) ( {Black is also worse after} 22. ... Bxf3 23. Qxf3 Rxc2
24. Rxa6 += ) 23. Ne5 +/- Qc7? {After this move Black is losing by force, 
but other moves are not much better.} ( {Probably at the beginning 
Alexander was hoping for} 23. ... Bxe5 24. Rxe5 Qc6 ( 24. ... g6 25. Rae1 
+/- ) 25. d5 Qxc2 {but overlooked the strong reply} 26. Qd4! {with a big 
advantage for White!} ) ( {Also bad is} 23. ... Qe6 24. d5 Qxd5 ( 24. ... 
Qe8 25. Re2 +/- ) 25. Qxd5+ Bxd5 += 26. Rxa6 Bc7 27. Nd3 Bxg3 28. Nxb4 Bh4
29. Nxd5 Rxc2 += 30. g3 ) 24. Nxf5 Bxe5 ( 24. ... Qxc2!? {does not save 
the game but was perhaps a better option:} 25. Qxc2 Rxc2 26. Nxd6 Rfxf2 
27. Nd3! Rxg2+ 28. Kf1 h5 29. Rac1 Rcd2 30. Re8+ Kh7 31. Nf7 {And Black 
does not manage to create counterplay, for example:} 31. ... Rh2 32. Ke1 
Bd5 33. Rh8+ Kg6 34. Nfe5+ Kg5 35. h4+ Kxh4 36. Nf4 g6 37. Nexg6+ Kg4 38. 
Rxh5 +- ) 25. Rxe5 Qxc2 D {Black has just captured on c2, offeripg to 
trade queens. There is a lot for
White to calculate, beginning with Qxc2 .Rxc2 2 Nd6 and I .Rd1  Qxd3
2 .:Rxd3 .

He can also stay in the middlegame with I lL!e7+ followed by a queen move
such as 2 'ii'g3 . Even a GM could easily spend half an hour trying to 
work out
all the lines.

But, White wrote, "Here it isn't necessary to see all the variations. It's
sufficient to evaluate the position." He went on: "White dominates the 
center
and kingside, and Black's bishop doesn't help in the defense."

He concluded that he should go after the king with} 26. Ne7+! {It was 
completely the right decision to play for a mate!} ( 26. Qxc2 {was worse:}
26. ... Rxc2 27. Nd6 h6!! 28. f3 Bxf3 29. gxf3 Rxf3 30. Nf5 Rff2 31. Ne3 
Rxb2 {White retains a big advantage, but Black's resources are not 
finished yet.} ) 26. ... Kh8 27. Qg3 D {and rely on solid moves to provide
him with threats.

One of the low-calculation techniques is visualizing. This means looking 
in
general terms at the near future: What good moves are available to you? 
What
are the best squares for your pieces?
At the previous diagram White might have concluded Ne7+ and Qg3
was best because he could see Rae1 - e3 coming up, as well as Qh4, with
prospects of Ng6+. This went into White's favorable evaluation of this 
position.
Calculating is different from visualizing because you have to take your
opponent's moves into consideration. But you can reduce the amount of
calculation by just getting a taste of a few sample variations.
For example, White might have looked at 2 . . . Qxb2 because it looks the
most dangerous. The natural response is 3 .Rae1 . White can see a 
variation that
runs 3 . . . Rc1 4 Nf5 g6 5 Nd6. Of course, this is only one variation. 
But if he
likes the looks of it, White can feel confident enough to go ahead.
Sample variations are not expected to be conclusive and often they don't
occur in the game. In fact, Black chose} 27. ... Rcd8 ( {Also lost is} 
27. ... Qxb2 28. Rae1 Rc1 29. Kh2 Rxe1 30. Rf5!! Rc8 {If 30...Rg8, than 
31.Ng6+, on all other moves on f8-a8 Qf4 is winning.} 31. Rf7 Qxd4 32. 
Nxc8 +- ) 28. Rae1 Qd2 {The only defence against Nf5.} 29. R1e3! Qxb2 ( 
29. ... Rf6 30. Nf5 ( {Or} 30. d5 +- ) 30. ... Rg8 31. Rc5! {did not leave
Black any hope either.} ) 30. Qh4 {Threating mate in 2.} 30. ... Rd6 ( 
30. ... Qc2 {did not save the game either:} 31. Re2 Qd3 32. Rh5 +- ) 31. 
Rf5 Ra8 32. Qf4 Rdd8 33. Rf7 {In view of the many threats Black resigned! 
Probably my best game in the Olympiad!} 1-0

[Event "EU Ch 2nd"]
[Site "Ohrid MKD"]
[Date "2001.06.01"]
[Round "1"]
[White "Lautier, Joel"]
[Black "Cvitan, Ognjen"]
[Result "1-0"]
[WhiteElo "2658"]
[BlackElo "2526"]
[EventDate "2001.06.01"]
[Annotator "Lautier"]
[EventType "swiss"]
[EventRounds "13"]
[EventCountry "YUG"]
[Source "ChessBase"]
[SourceDate "2001.09.13"]

1. d4 Nf6 2. c4 e6 3. Nc3 Bb4 4. e3 c5 5. Ne2 cxd4 6. exd4 O-O 7. a3 Be7 
8. Nf4 d6 9. Be3 Nbd7 10. Be2 Re8?! {/\ Nf8-g6} ( 10. ... e5 11. Nfd5 Nxd5
12. Nxd5 Nf6 13. Nxe7+ Qxe7 14. O-O Bf5 15. b4 Rfe8 16. dxe5 dxe5 17. h3 
h6 18. Qb3 Qe6 19. Rfd1 b6 20. a4 += {1-0 Lautier,J-Timman,J/Dordrecht 
blitz 2001 (33)} ) 11. O-O Nf8 12. b4 ( 12. Bf3 Rb8 ( 12. ... Ng6 13. Nxg6
hxg6 14. b4 {- game} ) 13. b4 += ) 12. ... Ng6 ( 12. ... b6 13. Qb3 ( 13. 
Bf3 Rb8 14. Nb5 Qd7 ( 14. ... Bd7? 15. Nxa7 Qc7 16. Nb5 Qxc4 17. Be2 Qc8 
18. Rc1 +- ) 15. a4 a6 16. Nc3 Bb7 += ) 13. ... Bb7 14. a4 a5 15. bxa5 
Rxa5 16. d5 N6d7 17. Rab1 += ) 13. Nxg6 hxg6 14. Bf3! ( 14. Qb3 b6 += ) ( 
14. c5 Bd7 ) 14. ... Rb8 15. d5 ( 15. c5 Bd7 16. Bf4 Bc6 17. Bxc6 bxc6 18.
 Qa4 Qd7 19. cxd6 Bxd6 20. Bxd6 Qxd6 21. Qxa7 Ng4 22. g3 e5 â‡„â‡„ ) 
15. ... a6 ( 15. ... b6 16. Nb5 exd5 ( 16. ... a6 17. Nd4 +/- ) ( 16. ... 
Qd7 17. dxe6 fxe6 18. Qd3 +/- ) 17. Nxa7 +/- ) 16. Rc1 Bd7? ( 16. ... b6 
17. dxe6 ( 17. Qd3 e5 ) 17. ... Bxe6 18. Nd5 ( 18. Qd4 Nd7 ) 18. ... Nxd5 
19. Bxd5 Qd7 += ( 19. ... Bf6 20. Bxe6 Rxe6 21. Qd5 += ) ) 17. c5! +/- 
exd5 18. Nxd5 Nxd5 ( 18. ... dxc5 19. Bf4 +/- ) 19. Bxd5 dxc5 20. Qb3 ( 
20. Bf4 Ra8 ( 20. ... Bb5 21. Qb3 Rf8 {->> 20.Qb3} ( 21. ... c4 22. Qf3 +-
) ) 21. Qb3 Rf8 {->> 20.Qb3} ) ( 20. Qf3!? Bf6 21. Bf4 cxb4 ( 21. ... Bb5 
22. Rfe1 Rxe1+ 23. Rxe1 Ra8 24. Bxb7 Ra7 25. bxc5 +- ) 22. Bxb8 Qxb8 23. 
axb4 +/- ) 20. ... Rf8 21. Bf4 Ra8 ( 21. ... cxb4 22. Bxb8 Qxb8 23. axb4 
+/- ) 22. Bxb7 Be6 ( 22. ... Ra7 23. bxc5 +- ) 23. Qf3 cxb4 24. axb4 ( 24.
 Rfd1!? Qe8 ( 24. ... bxa3 25. Rxd8 Raxd8 26. Be5 +- ) 25. Bc6 Qc8 26. Ba4
Bc5 27. h3! ( 27. axb4 Bg4 28. Rxc5 Bxf3 29. Rxc8 Bxd1 30. Rxf8+ Rxf8 31. 
Bxd1 Rd8 32. Be2 Rd4 33. g3 Rxb4 34. Bxa6 +/- ) 27. ... bxa3 ( 27. ... b3 
28. Be3 b2 29. Rxc5 +- ) 28. Bd6 Bxd6 29. Rxc8 Raxc8 30. Rxd6 Rc1+ 31. Rd1
Rxd1+ 32. Qxd1 a2 +/- ) 24. ... Ra7 ( 24. ... Bxb4 25. Rfd1 Qe8 26. Bc6 
Qc8 27. Ba4 Bc5 28. Rd2! +- ( 28. h3 Ra7 29. Bd6 Rc7 +/- ) ) 25. Be3 Qb8 (
25. ... Bg4 26. Qc6 Bd7 27. Qd5 +- ) 26. Bxa7 Qxa7 27. Qc6 +- Bxb4 28. 
Bxa6 Qa8 29. Rfd1 Be7 30. h3 Qxc6 31. Rxc6 g5 32. Bc4 Bxc4 33. Rxc4 g6 34.
 Rd7 Bf6 D {Visualizing plays an important role in determining whether you
have
winning chances in a particular line of play you're considering. We'll 
explore
that further in Chapter Six. But here's a taste:

White had this kind of position in mind when he made decisions several
moves ago. But why did he think he could win this? After all, the pawns 
lie on
only one wing. Black has doubled pawns but they do a good job of 
preventing
White from creating a passed pawn.

Actually this is a simple win if you visualize what it would be like if a 
pair
of rooks has been traded. Suppose the rooks on c4 and f8 disappear.

In positions like that, Jose Capablanca would say, "White wins in one
move." He was joking: the one move is White king to e8.

In other words, once a pair of rooks is gone, what White needs to win is 
to
attack the only available target, at Â£7. Black could either lose the 
f-pawn or
advance it, creating a new target at g6. Then it's just a matter of 
applying
pressure to whatever is weakest.
Play continued} 35. Rdc7! Kg7 36. Rc8 Rxc8 37. Rxc8 D {Thanks to his 
ability to visualize, Capa-like, a winning future position,
White didn't have to calculate what follows. The game went} 37. ... Bd4 
38. Rc4 Be5 39. Rc6 Kf8 40. Kf1 Ke7 41. Ke2 Kf8 42. Rc5 Bf6 43. Rc7 Be5 
44. Rb7 {White could have chosen other squares for the rook without 
damaging his
winning chances. The next stage was to advance the king towards e8. Play 
went} 44. ... Kg7 45. Kd3 Bd6 46. Kd4 Bf4 47. Kd5 Kf6 48. g3 Bd2 49. Kd6 
Be1 50. Rb1 Bc3 {Once the king is closing in on f7, Wliite frees his rook 
from the defense of
his pawns by advancing them to light squares} ( 50. ... Bxf2? 51. Rf1 ) 
51. Rb3 Be5+ 52. Kd7 Kg7 53. Rb7! Kf8 54. g4 Bd4 55. f3 Be5 56. Rb5 Bf4 
57. Rc5 Bd2 58. Rc8+ Kg7 59. Ke8 D {There is no defense to White getting 
his rook to the seventh rank. On
25 . . . f6, the easiest way to win is to get White's king to e6 and 
sacrifice the rook
on f6 for a bishop and a pawn.
In the game Black tried} 59. ... f5 60. Rc7+ Kf6 ( 60. ... Kg8 61. Ke7 ( 
61. gxf5 gxf5 62. Rc5 g4 63. hxg4 fxg4 64. fxg4 +- ) 61. ... fxg4 62. fxg4
Bf4 63. Rd7 Kg7 64. Ke6+ +- ) 61. Kf8 Ke5 62. Kf7 Kf4 63. Kxg6 fxg4 64. 
fxg4 Kg3 65. Rh7 1-0

[Event "ESP Ch final"]
[Site "Ayamonte"]
[Date "2002.10.12"]
[Round "2"]
[White "Vallejo Pons, Francisco"]
[Black "Shirov, Alexei"]
[Result "0-1"]
[WhiteElo "2635"]
[BlackElo "2699"]
[EventDate "2002.10.11"]
[PlyCount "94"]
[EventType "match"]
[EventRounds "2"]
[EventCountry "ESP"]
[Source "ChessBase"]
[SourceDate "2003.02.06"]
[WhiteTeamCountry "BEL"]
[BlackTeamCountry "BEL"]

1. e4 c5 2. Nf3 Nc6 3. d4 cxd4 4. Nxd4 e5 5. Nb5 d6 6. Bc4 Be6 7. Bxe6 
fxe6 8. Qh5+ g6 9. Qg4 Qd7 10. Bg5 a6 11. N5a3 b5 12. c3 h6 13. Be3 Kf7 
14. O-O Nf6 15. Qf3 d5 16. Rd1 Kg7 17. Nc2 Bd6 18. Nd2 Ne7 19. Qe2 dxe4 
20. c4 bxc4 21. Nxc4 Ned5 22. Nb6 Nxb6 23. Bxb6 Nd5 24. Ba5 Qb5 25. Qxb5 
axb5 26. b4 Rhf8 27. a3 D {Black can't be too confident about his material
edge in light of his mangled
pawns. What is his best policy?

------------

There are targets at f2 and a3 . The first is more vulnerable and that 
means
it takes precedence} 27. ... Bb8! 28. Rd2 Ba7! 29. Re1 Rac8 {and the 
threat to exploit the second target
with . . . .Rc3 shortened matters.
After} 30. Ne3 Nxe3 31. Rd7+ ( 31. fxe3 Bxe3+ 32. Rxe3 Rc1+ ) 31. ... Rf7 
32. Rxf7+ Kxf7 33. fxe3 {Black can win a pawn
with  33. . . .Rc3 . But} 33. ... Rc1 34. Kf2 ( 34. Rxc1 Bxe3+ ) 34. ... 
Rxe1 35. Kxe1 Bxe3 36. Kd1 Ke7 37. Kc2 Kd6 38. Kb3 Bf4 39. Bb6 Bxh2 40. a4
bxa4+ 41. Kxa4 Bf4 42. Kb3 Kc6 43. Bc5 e3 44. Kc3 e4 45. Kc2 e2 46. Bf2 
Kb5 47. Be1 Bd6 0-1

[Event "Blackpool ch-BCF"]
[Site "Blackpool ch-BCF"]
[Date "1988.08.??"]
[Round "1"]
[White "Chandler, Murray G"]
[Black "McNab, Colin A"]
[Result "1-0"]
[WhiteElo "2590"]
[BlackElo "2420"]
[EventDate "1988.??.??"]
[PlyCount "69"]

1. e4 g6 2. d4 d6 3. Nc3 Bg7 4. Be3 a6 5. a4 Nf6 6. h3 O-O 7. Nf3 Nc6 8. 
a5 e5 9. dxe5 Nxe5 10. Nxe5 dxe5 11. Bc4 Qe7 12. O-O Rd8 13. Qe2 Be6 D {
left the b-pawn unprotected. White should
attack it with} 14. Ra3! {Black would give his opponent control of good 
squares if he played
I . . .Bxc4 2 Qxc4 and create new targets if he played 1 . . . Qb4 2 Bxe6 
fxe6.
Instead, he looked for kingside counterplay with} 14. ... Nh5?! ( 14. ... 
Rab8 15. Rb3 Bf8 16. Bxe6 Qxe6 17. Rd1 ) 15. Bxe6 Qxe6 16. Rb3 D {White 
had carried out his plan effectively. Black must make concessions if he 
defends b7, e.g. as 3 . . . Qc6? 4 Nd5 ! ,
which threatens 5 Ne7+ as well as 5 Rc3 .
Black played the natural} 16. ... Rab8 ( 16. ... Qc6 17. Nd5 Rd7 18. Rd1 
Nf4 19. Nxf4 Rxd1+ 20. Qxd1 exf4 21. Bxf4 +/- ) 17. Rd1! {created a new 
threat} 17. ... Rxd1+ 18. Qxd1 Bf6 19. Qd5! Qc8 ( 19. ... Qxd5 20. Nxd5 
Bd8 21. Ba7 ) 20. Na4! c6 21. Qd6 Qd8 22. Qxd8+ Bxd8 23. Nc5 Bxa5 24. Nxa6
Ra8 25. Nc5 b6 26. Nd7 c5 27. Nxb6 Bxb6 28. Rxb6 Rc8 29. Rb5 Nf6 30. Rxc5 
Rxc5 31. Bxc5 Nxe4 32. Be7 f5 33. f3 Nd2 34. b3 e4 35. Kf2 1-0